Mi comunidad / (Registro nro. 7968)

Detalles MARC
000 -LIDER
fixed length control field 00864nam a2200277 u 4500
001 - NÚMERO DE CONTROL
Identificador de número de control 000020267
003 - IDENTIFICACDOR DE NÚMERO DE CONTROL
control field DO-SdBNP
005 - DATE AND TIME OF LATEST TRANSACTION
control field 20150720105835.0
008 - ELEMENTOS DE LONGITUD FIJA
fixed length control field 100802s2000 dr r 000 0 spa d
020 ## - ISBN
International Standard Book Number 8482613162
040 ## - FUENTE DE CATALOGACIÓN
Agencia que crea de manera original el registro BPJMB
Idioma de catalogación spa
Agencia que realiza la transcripción BPJMB
092 ## - LOCALLY ASSIGNED DEWEY DECIMAL CALL NUMBER
Número de clasificación 374
Número de ítem (Cutter) M618
245 00 - MENCIÓN DE TITULO
Título Mi comunidad /
Mención de responsabilidad María Isabel Incháustegui ... [et al.].
260 ## - PUBLICACIÓN, DISTRIBUCIÓN, ETC. (PIE DE IMPRENTA)
Lugar de publicación, distribución, etc Santo Domingo :
Nombre del editor, distribuidor, etc. Santillana,
Fecha de publicación, distribución, etc 2000.
300 ## - DESCRIPCIÓN FÍSICA
Extensión 119 p. :
Otros detalles físicos il. ;
Dimensiones 26 cm.
500 ## - NOTA GENERAL
Nota general Módulo III del primer curso del segundo ciclo de educación de adultos
650 #4 - ENCABEZAMIENTO DE MATERIA--TEMÁTICO
Término temático o nombre geográfico como elemento de entrada EDUCACIÓN
650 #4 - ENCABEZAMIENTO DE MATERIA--TEMÁTICO
Término temático o nombre geográfico como elemento de entrada EDUCACIÓN DE ADULTOS
700 1# - ASIENTO SECUNDARIO -- NOMBRE PERSONAL
Nombre personal Incháustegui, María Isabel
700 1# - ASIENTO SECUNDARIO -- NOMBRE PERSONAL
Nombre personal Cruz, María Ramona de la
700 1# - ASIENTO SECUNDARIO -- NOMBRE PERSONAL
Nombre personal Díaz, Francisca
700 1# - ASIENTO SECUNDARIO -- NOMBRE PERSONAL
Nombre personal Uribe, Mercedes
942 ## - ADDED ENTRY ELEMENTS (KOHA)
Source of classification or shelving scheme Dewey Decimal Classification
Koha item type Libros
956 ## - LOCAL ELECTRONIC LOCATION AND ACCESS (OCLC)
Nombre de host KLANTIGUA
Número de acceso 10
Información de compresión 20100802
Inicio de sesión BND02
Procesador de solicitud 1430
956 ## - LOCAL ELECTRONIC LOCATION AND ACCESS (OCLC)
Nombre de host DGARCIA
Número de acceso 10
Información de compresión 20100804
Inicio de sesión BND01
Procesador de solicitud 1048

No hay ítems disponibles.